Dimensions of Personality/ (Record no. 208012)
[ view plain ]
| 000 -LEADER | |
|---|---|
| fixed length control field | 00654nam a22002057a 4500 |
| 005 - DATE AND TIME OF LATEST TRANSACTION | |
| control field | 20250103125534.0 |
| 010 ## - LCCN (DPL NO) | |
| LC control number | ENG-143190 |
| 020 ## - INTERNATIONAL STANDARD BOOK NUMBER | |
| Terms of availability | 695.00 |
| International Standard Book Number | 9788179063002 |
| 035 ## - SYSTEM CONTROL NUMBER | |
| System control number | EN-126722 |
| 037 ## - SOURCE OF ACQUISITION | |
| Source of stock number/acquisition | DBAD |
| 082 ## - DEWEY DECIMAL CLASSIFICATION NUMBER | |
| Classification number | 158.1 |
| 100 ## - MAIN ENTRY--PERSONAL NAME | |
| Personal name | Tiwari, Gaytri |
| 245 ## - TITLE STATEMENT | |
| Title | Dimensions of Personality/ |
| Statement of responsibility, etc | By Gaytri Tiwari |
| 260 ## - PUBLICATION, DISTRIBUTION, ETC. (IMPRINT) | |
| Place of publication, distribution, etc | Udaipur |
| Name of publisher, distributor, etc | Himanshu Publications |
| Date of publication, distribution, etc | 2012 |
| 260 ## - PUBLICATION, DISTRIBUTION, ETC. (IMPRINT) | |
| Place of publication, distribution, etc | New Delhi |
| Name of publisher, distributor, etc | Himanshu Publications |
| Date of publication, distribution, etc | 2012 |
| 270 ## - ADDRESS | |
| City | Udaipur |
| Postal code | 313002 |
| Address | 464, Sector 11, Hiren Magri, |
| 270 ## - ADDRESS | |
| City | New Delhi |
| Address | 4379/4-B, Prakash House, Ansari Road, Daryaganj, |
| 300 ## - PHYSICAL DESCRIPTION | |
| Extent | 148p. |
| Dimensions | 22cm(Hb) |
| 942 ## - ADDED ENTRY ELEMENTS (KOHA) | |
| Source of classification or shelving scheme | Dewey Decimal Classification |
| Item type | English Books |
| Classification part | 158.1 |
| Call number suffix | TIW |
| Withdrawn status | Lost status | Not for loan | Collection code | Home library | Current library | Date acquired | Source of acquisition | Cost, normal purchase price | Full call number | Barcode | Copy number | Cost, replacement price | Koha item type |
|---|---|---|---|---|---|---|---|---|---|---|---|---|---|
| Non-fiction | Kadipur | Kadipur | 03/01/2025 | Delivery of Books Division | 695.00 | 158.1 TIW | EN-126722 | 1 | 695.00 | English Books |
